000 00327nam a22001337a 4500
008 170524b xxu||||| |||| 00| 0 eng d
020 _a4710660-X
041 _aeng
080 _a621
100 _a26
101 _aIM
245 _aFUNDAMENTALS OF TEMPERATURE PRESSURE, AND FLOW MEASUREMENTS
_cBENEDICT, R.P
942 _2udc
_cBK
999 _c14126
_d14126